Açores - Statistics

Estatísticas Gerais
  • Esse quiz foi jogado 42 vezes
  • A pontuação média é 10 de 15
Estatísticas das Respostas
Hint Resposta % Correto
Em que Oceano ficam situados? Atlântico
97%
Em que ilha se encontra a Montanha do Pico? Pico
94%
Qual a menor ilha ? Corvo
87%
Qual a sua capital? Ponta Delgada
87%
Em que ilha podes encontrar a Sinagoga Sahar Hassamain? Ponta Delgada
87%
Em que ilha podemos encontrar a Lagoa das Sete Cidades? São Miguel
87%
Em que ilha fica situado a lagoa do fogo? São Miguel
87%
Por quantas ilhas são compostos? 8
71%
Em que grupo fica a ilha Terceira? Central
71%
Em que grupo fica a ilha do Faial? Central
71%
Qual o prato mais conhecido dos Açores? Cozido das Furnas
61%
Qual a principal atração do Parque Terra Nostra? Piscina de água quente
42%
Qual a flor mais conhecida da ilha das Flores? Hortênsia
39%
Como foram formados? Atividade vulcânica
35%
Por que tipo de água é formada a caldeira velha? Quente
29%
Nenhum quiz correspondente encontrado
Distribuição das Pontuações
Porcentagem de Pessoas com Cada Pontuação
Percentil de Números Respondidos
Sua Pontuação Histórica
Você não jogou esse quiz